00463nam a2200169Ia 450000500170000000800410001702000140005804000190007204100120009108200160010310000160011924500680013526000320020330000120023565000360024785000100028320230110120647.0131103s9999 xx 000 0 und d a340178752 aLoreto College aEnglish a813.54bPAG aPage,Martin 4aThe Company savageb life in the corporate jungle cMartin Page aLondonbCoronet Booksc1974 a255 p.  aAmerican Fiction - 20th Century aLCLIB